The revelation that changed my life! (Record no. 2997)

000 -LEADER
fixed length control field 01016nam a2200241 a 4500
001 - CONTROL NUMBER
control field :::00000726$&:&@@
003 - CONTROL NUMBER IDENTIFIER
control field OkBaRHE
005 - DATE AND TIME OF LATEST TRANSACTION
control field 20000607103239.0
008 - FIXED-LENGTH DATA ELEMENTS--GENERAL INFORMATION
fixed length control field s1978 j 000 0 eng u
040 ## - CATALOGING SOURCE
Transcribing agency
100 1# - MAIN ENTRY--PERSONAL NAME
Personal name Solbrekken, Max.
9 (RLIN) 42
245 14 - TITLE STATEMENT
Title The revelation that changed my life!
260 ## - PUBLICATION, DISTRIBUTION, ETC. (IMPRINT)
Place of publication, distribution, etc Edmonton, Alberta, CAN., :
Name of publisher, distributor, etc Solbrekken Evangelistic Association of Canada
Date of publication, distribution, etc c1978
300 ## - PHYSICAL DESCRIPTION
Extent 112 p. ;
Other physical details illus., photos
Dimensions 22 cm.
500 ## - GENERAL NOTE
General note Includes family and ministry photos.
520 ## - SUMMARY, ETC.
Summary, etc This book shares the simple truths of the gospel and encourages soul winning and victorious Christian living.
650 ## - SUBJECT ADDED ENTRY--TOPICAL TERM
Topical term or geographic name as entry element Christian life.
9 (RLIN) 43
650 ## - SUBJECT ADDED ENTRY--TOPICAL TERM
Topical term or geographic name as entry element Success.
9 (RLIN) 44
650 ## - SUBJECT ADDED ENTRY--TOPICAL TERM
Topical term or geographic name as entry element Sermons, English
Location of event Canada.
9 (RLIN) 45
942 ## - ADDED ENTRY ELEMENTS (KOHA)
Source of classification or shelving scheme
Koha item type Books
Copies
Not for loan Full call number Source of classification or shelving scheme Copy number Shelving location Lost status Withdrawn status Koha item type Damaged status Date acquired Barcode Permanent Location Current Location Date last seen Price effective from
 BX 8789 .S64 1General Stacks  Books 2010-04-14726RHEMA Bible Training CollegeRHEMA Bible Training College2010-04-142010-04-14
 BX 8789 .S64 2General Stacks  Books 2010-04-1416157RHEMA Bible Training CollegeRHEMA Bible Training College2010-04-142010-04-14